[Event "Chemnitz op"]
[Site "Chemnitz"]
[Date "1997.??.??"]
[Round "7"]
[White "Kulaots, Kaido"]
[Black "Timoscenko, Genadij"]
[Result "1/2-1/2"]
[WhiteElo "2415"]
[BlackElo "2540"]
[PlyCount "41"]
[EventDate "1997.??.??"]
[Source "www.chesslib.no"]
[SourceDate "2004.05.04"]

1. e4 e5 2. d4 exd4 3. Qxd4 Nc6 4. Qe3 Nf6 5. Bd2 Bb4 6. Nc3 O-O 7. O-O-O Re8 8. Qg3 Rxe4 9. a3 Rg4 10. Qe3 Ba5 11. h3 Rd4 12. Nf3 Bxc3 13. Qxc3 Re4 14. Bd3 Re8 15. Bg5 d5 16. Rhe1 Rxe1 17. Rxe1 Be6 18. Qd2 Rc8 19. Qf4 Qd6 20. Qh4 Ne4 21. Bxe4 1/2-1/2

[Event "Czech Extra League"]
[Site "?"]
[Date "2001.??.??"]
[Round "?"]
[White "Jakubiec, A."]
[Black "Gross, Dav CZE"]
[Result "1-0"]
[WhiteElo "2500"]
[BlackElo "2455"]
[PlyCount "53"]
[EventDate "2001.??.??"]
[Source "www.chesslib.no"]
[SourceDate "2004.05.04"]

1. e4 e5 2. d4 exd4 3. Qxd4 Nc6 4. Qe3 f5 5. Nc3 Nf6 6. Bd2 Be7 7. O-O-O fxe4 8. Nxe4 O-O 9. Bc4+ Kh8 10. Nf3 Ng4 11. Qe2 Nge5 12. Nxe5 Nxe5 13. Bb3 d6 14. h4 Bf5 15. Ng5 Bxg5 16. hxg5 Qe8 17. Rde1 Qc6 18. Bc3 Rae8 19. Qd2 Qxg2 20. Qd4 c5 21. Qxd6 Qxg5+ 22. Re3 Ng4 23. Rg1 Rd8 24. Qe7 Qxe7 25. Rxe7 Nf6 26. Rgxg7 Bg6 27. Rg8+ 1-0

[Event "JUG Team Ch"]
[Site "JUG-chT Tivat"]
[Date "1995.??.??"]
[Round "7"]
[White "Vukovic, Zdravko"]
[Black "Todorovic, Goran M"]
[Result "0-1"]
[WhiteElo "2470"]
[BlackElo "2470"]
[PlyCount "54"]
[EventDate "1995.??.??"]
[Source "www.chesslib.no"]
[SourceDate "2004.05.04"]

1. e4 e5 2. d4 exd4 3. Qxd4 Nc6 4. Qe3 g6 5. Bd2 Bg7 6. Nc3 Nf6 7. O-O-O O-O 8. Bc4 Na5 9. Be2 Re8 10. Qg5 Nc6 11. f3 d6 12. Qh4 Be6 13. Nh3 d5 14. Bg5 h6 15. exd5 hxg5 16. Nxg5 Bxd5 17. Bc4 Ne7 18. a3 Qd6 19. Kb1 c6 20. Nh3 Qf4 21. Bb3 Red8 22. Rdf1 Bh8 23. Ne2 Bxb3 24. Rd1 Rd6 25. Rc1 Qxf3 26. Nhg1 Kg7 27. g4 Ba2+ 0-1

[Event "Moscow Aeroflot op"]
[Site "Moscow"]
[Date "2002.02.07"]
[Round "4"]
[White "Varavin, Viktor"]
[Black "Isaev, Jamshed"]
[Result "0-1"]
[WhiteElo "2484"]
[BlackElo "2455"]
[PlyCount "52"]
[EventDate "2002.02.04"]
[Source "ChessBase"]
[SourceDate "2002.03.21"]

1. e4 e5 2. d4 exd4 3. Qxd4 Nc6 4. Qe3 Bb4+ 5. Nc3 Nf6 6. Bd2 O-O 7. O-O-O Re8 8. Qg3 Rxe4 9. a3 Bd6 10. f4 Re8 11. Bd3 Bf8 12. Nf3 d5 13. Rhe1 Rxe1 14. Rxe1 Ne7 15. Nh4 c5 16. b3 c4 17. bxc4 dxc4 18. Ne4 Nf5 19. Qg5 cxd3 20. Ba5 d2+ 21. Bxd2 Nxh4 22. Bc3 h6 23. Qxh4 Bxa3+ 24. Kb1 Qb6+ 25. Ka2 Nxe4 26. Rxe4 Bf8 0-1

[Event "Syre mem op"]
[Site "Issy Les Moulineaux"]
[Date "2000.06.03"]
[Round "5"]
[White "Degraeve, Jean Marc"]
[Black "Marcelin, Cyril"]
[Result "1/2-1/2"]
[WhiteElo "2498"]
[BlackElo "2439"]
[PlyCount "54"]
[EventDate "2000.06.01"]
[Source "ChessBase"]
[SourceDate "2000.07.11"]

1. e4 e5 2. d4 exd4 3. Qxd4 Nc6 4. Qe3 Nf6 5. Nc3 Bb4 6. Bd2 O-O 7. O-O-O Re8 8. Bc4 Bxc3 9. Bxc3 Nxe4 10. Qf4 Re7 11. Bxf7+ Rxf7 12. Qxe4 Qg5+ 13. Bd2 Qf5 14. Qxf5 Rxf5 15. Nh3 d6 16. Nf4 Bd7 17. Be3 Rf7 18. Rhe1 Ne5 19. f3 Nc4 20. Nd5 Nxe3 21. Rxe3 c6 22. Nb4 a5 23. Nd3 Re8 24. Rxe8+ Bxe8 25. Nf2 d5 26. Re1 Kf8 27. Nd3 Re7 1/2-1/2

[Event "Groningen op"]
[Site "Groningen"]
[Date "1995.??.??"]
[Round "?"]
[White "Degraeve, Jean Marc"]
[Black "Gyimesi, Zoltan"]
[Result "1-0"]
[WhiteElo "2410"]
[BlackElo "2525"]
[PlyCount "71"]
[EventDate "1995.12.??"]
[Source "ChessBase"]

1. e4 e5 2. d4 exd4 3. Qxd4 Nc6 4. Qe3 Nf6 5. Nc3 Bb4 6. Bd2 O-O 7. O-O-O Re8 8. Qg3 Rxe4 9. a3 Rg4 10. Qe3 Bd6 11. f3 Rh4 12. g4 Rxh2 13. Rxh2 Bxh2 14. g5 Nh5 15. Re1 Ne5 16. Qd4 d6 17. Qh4 Bxg1 18. Qxh5 Bf5 19. f4 Ng6 20. Bh3 Bxh3 21. Qxh3 Bd4 22. Ne2 Bb6 23. Rh1 Nf8 24. Ng3 Qd7 25. Nf5 d5 26. Qd3 Re8 27. Ng3 Qg4 28. Nf5 Qg2 29. Rd1 Qe4 30. Qh3 Re6 31. Re1 Qc4 32. Rh1 d4 33. Kb1 Re2 34. Qg4 Rxd2 35. Ne7+ Kh8 36. Rxh7+ 1-0

[Event "JUG-chT"]
[Site "Tivat"]
[Date "1995.??.??"]
[Round "7"]
[White "Vukovic, Zdravko"]
[Black "Todorovic, Goran M"]
[Result "0-1"]
[WhiteElo "2470"]
[BlackElo "2465"]
[PlyCount "54"]
[EventDate "1995.??.??"]
[Source "ChessBase"]

1. e4 e5 2. d4 exd4 3. Qxd4 Nc6 4. Qe3 g6 5. Bd2 Bg7 6. Nc3 Nf6 7. O-O-O O-O 8. Bc4 Na5 9. Be2 Re8 10. Qg5 Nc6 11. f3 d6 12. Qh4 Be6 13. Nh3 d5 14. Bg5 h6 15. exd5 hxg5 16. Nxg5 Bxd5 17. Bc4 Ne7 18. g4 Qd6 19. Kb1 c6 20. Rhe1 Qf4 21. Bd3 Nf5 22. Bxf5 gxf5 23. Nxd5 cxd5 24. Rg1 Re2 25. c3 fxg4 26. Nxf7 Kxf7 27. fxg4 Rh8 0-1

[Event "5th Wichern op"]
[Site "Hamburg GER"]
[Date "1999.10.18"]
[Round "5"]
[White "Voigt, Ma"]
[Black "Giorgadze, G."]
[Result "0-1"]
[WhiteElo "2331"]
[BlackElo "2602"]
[PlyCount "42"]
[EventDate "1999.10.15"]
[Source "www.chesslib.no"]
[SourceDate "2004.05.04"]

1. e4 e5 2. d4 exd4 3. Qxd4 Nc6 4. Qe3 Nf6 5. e5 Ng4 6. Qe4 d5 7. exd6+ Be6 8. Ba6 Nf6 9. Qa4 Bc8 10. Bb5 Bxd6 11. Nf3 Qe7+ 12. Be3 O-O 13. O-O Ne5 14. Nbd2 a6 15. Rfe1 Be6 16. Be2 b5 17. Qh4 Ng6 18. Qd4 Rfd8 19. Bg5 Bxh2+ 20. Kxh2 Rxd4 21. Nxd4 Qd6+ 0-1

[Event "Wch (Men) U26"]
[Site "Rotterdam"]
[Date "1998.08.11"]
[Round "1"]
[White "Sluka, Radek"]
[Black "Peng Xiaomin"]
[Result "0-1"]
[WhiteElo "2380"]
[BlackElo "2550"]
[PlyCount "108"]
[EventDate "1998.08.??"]
[Source "www.chesslib.no"]
[SourceDate "2004.05.04"]

1. e4 e5 2. d4 exd4 3. Qxd4 Nc6 4. Qe3 Nf6 5. Nc3 Bb4 6. Bd2 O-O 7. O-O-O Re8 8. Qg3 Rxe4 9. Bd3 Rg4 10. Qh3 Ne5 11. Bf5 d6 12. Bxc8 Qxc8 13. f3 Rd4 14. Qxc8+ Rxc8 15. Nge2 Bxc3 16. Bxc3 Rxd1+ 17. Rxd1 Re8 18. Nd4 a6 19. b3 Nd5 20. Bd2 f6 21. a3 Kf7 22. c4 Ne7 23. Bc3 N7c6 24. Nc2 Ng6 25. Kd2 Nh4 26. Ne3 Ne7 27. Rg1 Nef5 28. Nc2 h5 29. a4 g5 30. b4 c6 31. a5 Ne7 32. Ne3 d5 33. Kd3 Rd8 34. cxd5 Nxd5 35. Nxd5 Rxd5+ 36. Ke2 f5 37. Bd2 f4 38. Bc3 Ke6 39. Kf2 Rd3 40. Re1+ Kf7 41. Rc1 Nf5 42. Be1 Ke6 43. Rc4 Rd4 44. Rc5 Rd5 45. Rc1 Ne3 46. g3 Rd3 47. Ke2 Rb3 48. Bd2 Nf5 49. Rc4 fxg3 50. hxg3 Nxg3+ 51. Kf2 Rb2 52. Rd4 Nf5 53. Re4+ Kd5 54. Ke1 Nd4 0-1

[Event "It Resort and Casino"]
[Site "Decameron"]
[Date "2003.12.09"]
[Round "6"]
[White "Campora, Daniel Hugo"]
[Black "De la Paz, Frank"]
[Result "1-0"]
[WhiteElo "2503"]
[BlackElo "2427"]
[PlyCount "53"]
[EventDate "2003.12.06"]
[Source "Roberto Alvarez"]
[SourceDate "2003.12.15"]

1. e4 e5 2. d4 exd4 3. Qxd4 Nc6 4. Qe3 Bb4+ 5. Bd2 Nf6 6. Nc3 O-O 7. O-O-O Re8 8. Qg3 Rxe4 9. a3 Rg4 10. Qe3 Ba5 11. f3 Rd4 12. Bd3 Bxc3 13. Bxc3 Nd5 14. Qd2 Nxc3 15. Qxc3 Rh4 16. Ne2 d6 17. h3 Rh6 18. Rhe1 Bd7 19. Be4 Qh4 20. Nd4 Nxd4 21. Rxd4 Qg5+ 22. Kb1 c6 23. Qb4 d5 24. Qxb7 Rd8 25. Bxd5 Be6 26. Bxe6 fxe6 27. Qxc6 1-0

[Event "Budapest FS10 GM"]
[Site "Budapest"]
[Date "1998.10.09"]
[Round "7"]
[White "Kreiman, Boris"]
[Black "Lukacs, Peter"]
[Result "1-0"]
[WhiteElo "2455"]
[BlackElo "2475"]
[PlyCount "55"]
[EventDate "1998.10.03"]
[Source "www.chesslib.no"]
[SourceDate "2004.05.04"]

1. e4 e5 2. d4 exd4 3. Qxd4 Nc6 4. Qe3 g6 5. Bd2 Bg7 6. Nc3 Nge7 7. O-O-O O-O 8. Bc4 d6 9. Nf3 a6 10. h4 b5 11. Bb3 Na5 12. h5 Nxb3+ 13. axb3 Bg4 14. hxg6 fxg6 15. Ne2 Bxf3 16. gxf3 Nc6 17. Bc3 Qe7 18. f4 Rae8 19. Ng3 a5 20. f5 Ne5 21. f4 Ng4 22. Qe2 Bxc3 23. bxc3 Nf6 24. fxg6 hxg6 25. Qxb5 Ng4 26. Rdf1 Qg7 27. Qg5 Nf6 28. Rh6 1-0

[Event "Andorra la Vella op 20th"]
[Site "Andorra la Vella"]
[Date "2002.07.08"]
[Round "3"]
[White "Gonzalez de la Torre, Santiago"]
[Black "Rizouk, Aimen"]
[Result "0-1"]
[WhiteElo "2420"]
[BlackElo "2499"]
[PlyCount "76"]
[EventDate "2002.07.06"]
[Source "ChessBase"]
[SourceDate "2002.09.11"]

1. e4 e5 2. d4 exd4 3. Qxd4 Nc6 4. Qe3 Nf6 5. Nc3 Bb4 6. Bd2 O-O 7. O-O-O Re8 8. Qg3 Rxe4 9. a3 Bc5 10. Bg5 Re8 11. Bd3 Be7 12. Nf3 d6 13. Rhe1 Be6 14. Ne4 Nxe4 15. Rxe4 Bxg5+ 16. Nxg5 h6 17. Nxe6 Rxe6 18. Rxe6 fxe6 19. f4 Qf6 20. Qe3 a6 21. Re1 Re8 22. Qe4 d5 23. Qh7+ Kf7 24. Kb1 Ke7 25. Re3 Kd7 26. f5 e5 27. Rg3 Re7 28. Rg6 Qf8 29. f6 gxf6 30. Bf5+ Kd6 31. Qxh6 Qxh6 32. Rxh6 Rf7 33. g4 Ne7 34. Bh7 e4 35. g5 Ke5 36. Rh5 fxg5 37. Rxg5+ Kd4 38. Bg8 Rf1+ 0-1

[Event "Oberliga Ost-B 0102"]
[Site "?"]
[Date "2002.03.17"]
[Round "9.1"]
[White "Jakubiec Artur"]
[Black "Margoline Boris"]
[Result "1-0"]
[WhiteElo "2497"]
[BlackElo "2418"]
[PlyCount "72"]
[EventDate "2002.??.??"]
[Source "www.chesslib.no"]
[SourceDate "2004.05.04"]

1. e4 e5 2. d4 exd4 3. Qxd4 Nc6 4. Qe3 g6 5. Nc3 Bg7 6. Bd2 Nf6 7. O-O-O O-O 8. Bc4 a6 9. f4 d6 10. Nf3 b5 11. Bd5 Bb7 12. Rhe1 Re8 13. f5 b4 14. fxg6 hxg6 15. Ng5 Nxd5 16. Nxd5 Ne5 17. Qb3 c5 18. Rf1 Bxd5 19. exd5 Qd7 20. Qg3 Qg4 21. Qxg4 Nxg4 22. Rxf7 Ne5 23. Rf4 Bh6 24. Rf6 Rf8 25. Rxd6 Bxg5 26. Bxg5 Rf2 27. Re6 Nf7 28. Be7 Rxg2 29. d6 Nd8 30. Re4 Rxh2 31. d7 Nc6 32. Bxc5 Kf7 33. Bb6 Rhh8 34. Rf1+ Kg7 35. Re6 Nd8 36. Bd4+ Kh6 1-0

[Event "XXXIV Open"]
[Site "Mar del Plata"]
[Date "2003.04.14"]
[Round "4"]
[White "Rosito, Jorge"]
[Black "Slipak, Sergio"]
[Result "1/2-1/2"]
[WhiteElo "2410"]
[BlackElo "2502"]
[PlyCount "46"]
[EventDate "2003.04.12"]
[Source "Roberto Alvarez"]
[SourceDate "2003.04.21"]

1. e4 e5 2. d4 exd4 3. Qxd4 Nc6 4. Qe3 Nf6 5. Nc3 Bb4 6. Bd2 O-O 7. O-O-O Re8 8. Qg3 Rxe4 9. a3 Bd6 10. f4 Re8 11. Bd3 Bf8 12. Nh3 d5 13. Ng5 Nd4 14. h3 c5 15. Rhe1 Rxe1 16. Bxe1 Bf5 17. Bxf5 Nxf5 18. Qd3 g6 19. Nxd5 Nxd5 20. Qxd5 Qxd5 21. Rxd5 Re8 22. Bf2 f6 23. Nf3 Bd6 1/2-1/2

[Event "Brasilia BCX Open 6th"]
[Site "?"]
[Date "2002.08.31"]
[Round "9"]
[White "Cubas Jose Fernando"]
[Black "Lima Darcy"]
[Result "0-1"]
[WhiteElo "2370"]
[BlackElo "2541"]
[PlyCount "160"]
[EventDate "2002.??.??"]
[Source "www.chesslib.no"]
[SourceDate "2004.05.04"]

1. e4 e5 2. d4 exd4 3. Qxd4 Nc6 4. Qe3 Nf6 5. Nc3 Bb4 6. Bd2 O-O 7. O-O-O Re8 8. Qg3 Rxe4 9. a3 Ba5 10. f3 Re8 11. h4 d5 12. h5 Nd4 13. Bd3 c6 14. Bh6 Ne6 15. Bxg7 Bc7 16. Bxf6+ Bxg3 17. Bxd8 Rxd8 18. Nge2 Be5 19. Rdf1 Nc5 20. f4 Bh8 21. h6 Rd6 22. f5 Bd7 23. b4 Nxd3+ 24. cxd3 Bf6 25. Rh5 Kh8 26. Kc2 Rg8 27. g3 Bg5 28. Rfh1 Bxf5 29. Rf1 Bg4 30. Rh2 Rxh6 31. Rhf2 Be3 32. Rxf7 Rh2 33. d4 Bxd4 34. Kd3 Bh5 35. Kxd4 Bxe2 36. Nxe2 Rxe2 37. Rh1 Re4+ 38. Kc5 Rg6 39. Rfxh7+ Kg8 40. Rh8+ Kg7 41. R1h7+ Kf6 42. Rxb7 Rc4+ 43. Kd6 Kf5+ 44. Kc7 Rc3 45. Rxa7 Rg7+ 46. Kb6 Rxa7 47. Kxa7 Rxa3+ 48. Kb6 Rc3 49. Re8 d4 50. b5 cxb5 51. Kxb5 Re3 52. g4+ Kf4 53. Rf8+ Ke4 54. g5 Rg3 55. Kc4 Rc3+ 56. Kb4 Rc7 57. g6 d3 58. Rf7 d2 59. Rxc7 d1=Q 60. g7 Qd6+ 61. Kb5 Qd5+ 62. Kb6 Qb3+ 63. Ka7 Ke5 64. Rd7 Qg3 65. Kb7 Ke6 66. Kc8 Qg4 67. Rb7 Kd6+ 68. Kb8 Qc4 69. Ka7 Qa4+ 70. Kb8 Qe8+ 71. Ka7 Qc8 72. Rf7 Qc5+ 73. Kb8 Qb5+ 74. Rb7 Qe8+ 75. Ka7 Qd8 76. Rf7 Kc5 77. Rb7 Kc6 78. Rf7 Qa5+ 79. Kb8 Qe5+ 80. Ka7 Qe3+ 0-1

[Event "zt 3.2a"]
[Site "Ho Chi Minh City"]
[Date "2003.06.26"]
[Round "7"]
[White "Paragua, Mark"]
[Black "Irwanto, Sadikin"]
[Result "0-1"]
[WhiteElo "2500"]
[BlackElo "2405"]
[PlyCount "76"]
[EventDate "2003.06.21"]
[Source "Roberto Alvarez"]
[SourceDate "2003.07.07"]

1. e4 e5 2. d4 exd4 3. Qxd4 Nc6 4. Qe3 Nf6 5. Nc3 Bb4 6. Bd2 O-O 7. O-O-O Re8 8. Qg3 Rxe4 9. a3 Rg4 10. Qe3 Ba5 11. h3 Rg6 12. Bd3 Bb6 13. Qf4 Rxg2 14. Nf3 d5 15. Rdg1 Nh5 16. Bxh7+ Kf8 17. Qa4 Rxg1+ 18. Rxg1 Qf6 19. Ng5 Qxf2 20. Re1 Nf6 21. Bd3 Bd7 22. Rf1 Ne5 23. Rxf2 Bxa4 24. Rf1 Nxd3+ 25. cxd3 Bb3 26. Ne2 Re8 27. Ng3 Be3 28. Nf5 d4 29. Bxe3 dxe3 30. Nd4 Bd5 31. Kc2 c5 32. Ne2 Re5 33. h4 Nh5 34. d4 cxd4 35. Kd3 f6 36. Kxd4 Bg2 37. Rg1 Bc6 38. Nc3 Nf4 0-1

[Event "Polish Extraleague"]
[Site "Lubniewice"]
[Date "2003.09.02"]
[Round "4"]
[White "Dobrowolski, Piotr"]
[Black "Grabarczyk, Miroslaw"]
[Result "1/2-1/2"]
[WhiteElo "2396"]
[BlackElo "2508"]
[PlyCount "56"]
[EventDate "2003.08.30"]
[Source "Roberto Alvarez"]
[SourceDate "2003.09.15"]

1. e4 e5 2. d4 exd4 3. Qxd4 Nc6 4. Qe3 Nf6 5. Nc3 Be7 6. Qg3 Nb4 7. Bd3 O-O 8. Bh6 Nxd3+ 9. cxd3 Ne8 10. Nf3 c6 11. O-O d6 12. Rfe1 Kh8 13. Bg5 Bxg5 14. Nxg5 Nf6 15. Qh4 h6 16. d4 Kg8 17. Nf3 Be6 18. Rad1 d5 19. e5 Ne4 20. Qxd8 Raxd8 21. Nd2 Nxc3 22. bxc3 b6 23. Nf1 c5 24. Rd2 Rc8 25. Ne3 cxd4 26. cxd4 g5 27. f3 Rc3 28. Kf2 Kg7 1/2-1/2

[Event "Torino Scaccomatto op"]
[Site "Torino"]
[Date "2000.11.22"]
[Round "5"]
[White "Paragua, Mark"]
[Black "Skembris, Spyridon"]
[Result "1-0"]
[WhiteElo "2423"]
[BlackElo "2475"]
[PlyCount "71"]
[EventDate "2000.11.18"]
[Source "ChessBase"]
[SourceDate "2001.01.11"]

1. e4 e5 2. d4 exd4 3. Qxd4 Nc6 4. Qe3 Nf6 5. Nc3 Bb4 6. Bd2 O-O 7. O-O-O Re8 8. Qg3 Rxe4 9. a3 Bd6 10. f4 Re8 11. Nf3 a6 12. Bd3 b5 13. Rde1 Bb7 14. Ne4 Nxe4 15. Bxe4 Qf6 16. Ng5 g6 17. Bd5 Re6 18. Bxe6 fxe6 19. Ne4 Qf5 20. Qd3 Ne7 21. g4 Bxe4 22. Qxe4 Qxe4 23. Rxe4 Nd5 24. f5 Nf6 25. Re2 Nxg4 26. fxg6 hxg6 27. Rg1 Nxh2 28. Rxg6+ Kf7 29. Rgg2 Rh8 30. Ref2+ Ke7 31. Bc3 Rf8 32. Rxf8 Kxf8 33. Kd1 c5 34. Ke2 Ke7 35. b4 c4 36. Bd4 1-0

[Event "Open"]
[Site "Pune"]
[Date "2004.09.04"]
[Round "2"]
[White "Roy Chowdhury, Saptar"]
[Black "Vakhidov, Tahir"]
[Result "1/2-1/2"]
[WhiteElo "2393"]
[BlackElo "2504"]
[PlyCount "43"]
[EventDate "2004.09.03"]
[Source "Roberto Alvarez"]
[SourceDate "2004.09.21"]

1. e4 e5 2. d4 exd4 3. Qxd4 Nc6 4. Qe3 Nf6 5. Nc3 Be7 6. h3 d5 7. exd5 Nxd5 8. Nxd5 Qxd5 9. Bd3 Bf5 10. Bxf5 Qxf5 11. c3 O-O-O 12. Ne2 Bc5 13. Qf4 Qd3 14. O-O Rhe8 15. Ng3 g6 16. Qh4 f6 17. Bf4 g5 18. Qg4+ Qd7 19. Qxd7+ Rxd7 20. Bc1 Kd8 21. Kh2 Ne5 22. Rh1 1/2-1/2

[Event "Foment Open"]
[Site "Foment"]
[Date "1994.??.??"]
[Round "?"]
[White "Mellado Trivino, Juan"]
[Black "Korneev, Oleg"]
[Result "0-1"]
[WhiteElo "2395"]
[BlackElo "2500"]
[PlyCount "36"]
[EventDate "1994.??.??"]
[Source "www.chesslib.no"]
[SourceDate "2004.05.04"]

1. e4 e5 2. d4 exd4 3. Qxd4 Nc6 4. Qe3 Nf6 5. Bd2 Bb4 6. Nc3 O-O 7. O-O-O Re8 8. Qg3 Rxe4 9. a3 Ba5 10. b4 Bb6 11. Nxe4 Nxe4 12. Qf4 Nxf2 13. Re1 h6 14. Bd3 d5 15. Nf3 Nxh1 16. Qh4 Bf5 17. Bg5 hxg5 18. Nxg5 Qf6 0-1

[Event "Baile Herculane zt"]
[Site "Baile Herculane"]
[Date "1982.??.??"]
[Round "21"]
[White "Ghinda, Mihail Viorel"]
[Black "Lukacs, Peter"]
[Result "1/2-1/2"]
[WhiteElo "2425"]
[BlackElo "2470"]
[PlyCount "44"]
[EventDate "1982.01.??"]
[Source "ChessBase"]

1. e4 e5 2. d4 exd4 3. Qxd4 Nc6 4. Qe3 Nf6 5. e5 Ng4 6. Qe4 d5 7. exd6+ Be6 8. Be2 Nf6 9. dxc7 Qxc7 10. Qa4 Bc5 11. c3 O-O 12. Nf3 Ng4 13. O-O Qb6 14. Ng5 Nxf2 15. Qc2 Nh3+ 16. Kh1 Nxg5 17. Bxg5 Be3 18. Bxe3 Qxe3 19. Bd3 h6 20. Nd2 Rad8 21. Bh7+ Kh8 22. Nf3 Qc5 1/2-1/2

[Event "15. European Team Championship"]
[Site "?"]
[Date "2005.08.06"]
[Round "8.2"]
[White "Lomineishvili Maia"]
[Black "Kovalevskaya Ekaterina"]
[Result "1/2-1/2"]
[WhiteElo "2420"]
[BlackElo "2471"]
[PlyCount "99"]
[EventDate "2005.??.??"]
[Source "www.chesslib.no"]
[SourceDate "2004.05.04"]

1. e4 e5 2. d4 exd4 3. Qxd4 Nc6 4. Qe3 Nf6 5. Nc3 Bb4 6. Bd2 O-O 7. O-O-O Re8 8. Qg3 Nxe4 9. Nxe4 Rxe4 10. Bf4 Qf6 11. Nh3 d5 12. Bd3 Re8 13. Bg5 Qe5 14. Nf4 d4 15. a3 Bd6 16. Rhe1 Qxe1 17. Rxe1 Rxe1+ 18. Kd2 Re8 19. Qh4 Bxf4+ 20. Bxf4 f5 21. g4 Rf8 22. Bc4+ Kh8 23. g5 Ne7 24. Be5 Ng6 25. Bxg7+ Kxg7 26. Qxd4+ Ne5 27. Qxe5+ Kg6 28. h4 Bd7 29. h5+ Kxg5 30. Qg7+ Kh4 31. Be2 Rg8 32. Qe7+ Kh3 33. Qe3+ Kh2 34. Bf3 Rae8 35. Qf4+ Kg1 36. Kc3 c6 37. Qd4 Bc8 38. Qxa7 Re5 39. Qd4 Ree8 40. a4 Rd8 41. Qh4 Be6 42. Qe7 Rde8 43. Qxb7 Kxf2 44. Bxc6 Rc8 45. Qb6+ Kf1 46. Qb5+ Kf2 47. Qc5+ Kf1 48. Qb5+ Kf2 49. Qc5+ Kf1 50. Qb5+ 1/2-1/2

[Event "New York op"]
[Site "New York"]
[Date "1995.??.??"]
[Round "9"]
[White "Shabalov, Alexander"]
[Black "Shliperman, Igor"]
[Result "1-0"]
[WhiteElo "2570"]
[BlackElo "2320"]
[PlyCount "65"]
[EventDate "1995.??.??"]
[Source "ChessBase"]

1. e4 e5 2. d4 exd4 3. Qxd4 Nc6 4. Qe3 Nf6 5. Nc3 Be7 6. Bc4 O-O 7. Bd2 d6 8. O-O-O Ne5 9. Bb3 Be6 10. f4 Nc4 11. Bxc4 Bxc4 12. Nf3 c6 13. Nd4 Re8 14. Qg3 Bf8 15. Rhe1 Qc7 16. b3 Ba6 17. Nf5 Qd7 18. Qg5 Re6 19. Re3 Kh8 20. Rh3 Rae8 21. Be3 Ng8 22. Bd4 Rg6 23. Qh4 h6 24. g4 Be7 25. g5 Qe6 26. Nxg7 Rxg7 27. f5 Qd7 28. gxh6 Bxh4 29. hxg7+ Kh7 30. Rxh4+ Nh6 31. Rg1 Rg8 32. Bf6 d5 33. Rxh6+ 1-0

[Event "6th ch-Asia"]
[Site "Cebu City PHI"]
[Date "2007.09.19"]
[Round "1"]
[White "Paragua, M."]
[Black "Samhouri, A."]
[Result "1-0"]
[WhiteElo "2525"]
[BlackElo "2362"]
[PlyCount "85"]
[EventDate "2007.09.19"]
[Source "www.chesslib.no"]
[SourceDate "2004.05.04"]

1. e4 e5 2. d4 exd4 3. Qxd4 Nc6 4. Qe3 Nf6 5. Nc3 Bb4 6. Bd2 O-O 7. O-O-O Re8 8. Qg3 Rxe4 9. a3 Bd6 10. f4 Re8 11. Bd3 Bf8 12. Nf3 d6 13. h3 Ne7 14. Rhe1 Nf5 15. Rxe8 Qxe8 16. Qf2 d5 17. Re1 Qd8 18. g4 Nd6 19. Qh4 Be6 20. Ng5 h6 21. Nxe6 fxe6 22. Rxe6 Nfe4 23. Qxd8 Rxd8 24. Nxe4 Nxe4 25. Bxe4 dxe4 26. Rxe4 Kf7 27. Kd1 Bd6 28. Ke2 g6 29. Bc3 h5 30. Kf3 hxg4+ 31. hxg4 Be7 32. Rd4 Bd6 33. Rd1 Rf8 34. Ke4 Ke6 35. Rf1 Re8 36. Rh1 Kd7+ 37. Be5 g5 38. Kd5 gxf4 39. Rh7+ Kc8 40. Bxd6 cxd6 41. Rf7 Re2 42. Rxf4 Rd2+ 43. Rd4 1-0

[Event "POL-ch 57th"]
[Site "Plock"]
[Date "2000.05.05"]
[Round "8"]
[White "Grabarczyk, Bogdan"]
[Black "Jaracz, Pawel"]
[Result "0-1"]
[WhiteElo "2394"]
[BlackElo "2490"]
[PlyCount "188"]
[EventDate "2000.04.28"]
[Source "ChessBase"]
[SourceDate "2000.10.18"]

1. e4 e5 2. d4 exd4 3. Qxd4 Nc6 4. Qe3 g6 5. Nc3 Bg7 6. Bd2 Nf6 7. O-O-O O-O 8. Bc4 Re8 9. Nf3 Na5 10. Qd3 Nxc4 11. Qxc4 Nxe4 12. Nxe4 d5 13. Qc5 Rxe4 14. Bg5 Qe8 15. Qxd5 h6 16. Be3 Bg4 17. Rhe1 c6 18. Qd6 b6 19. h3 Be6 20. Bd4 Rxe1 21. Rxe1 Rd8 22. Qf4 Qd7 23. Bxg7 Kxg7 24. Qe5+ Kh7 25. Qf6 Qd6 26. b3 Qa3+ 27. Kb1 Rd5 28. g4 Rd6 29. Qc3 c5 30. g5 h5 31. h4 a5 32. Nd2 Qb4 33. Qxb4 axb4 34. Ne4 Rd4 35. Kb2 Kg7 36. a3 bxa3+ 37. Kxa3 Bf5 38. Nf6 Be6 39. Ne4 Kf8 40. Kb2 Bf5 41. Nf6 Be6 42. Ne4 Ke7 43. f3 Kd7 44. Rf1 Kc6 45. c3 Rd5 46. Kc2 b5 47. Rf2 c4 48. bxc4 bxc4 49. Ng3 Rd3 50. Rf1 Kb6 51. Rb1+ Kc5 52. Rf1 Bd5 53. Ne4+ Kc6 54. Nd2 Re3 55. Ra1 Be6 56. Ra6+ Kc5 57. Ra8 Re2 58. Rd8 Bd5 59. Rc8+ Kb5 60. Rb8+ Kc6 61. Ra8 Rh2 62. Kd1 Rxh4 63. Ke2 Be6 64. Ke3 Rh1 65. Ra4 Rc1 66. Kd4 Rd1 67. Ke3 h4 68. Ra6+ Kb7 69. Ra2 Re1+ 70. Kf2 h3 71. Rb2+ Kc7 72. Rb1 Re5 73. Ne4 Bf5 74. Rh1 Kc6 75. Ke3 Rd5 76. Nf2 Kb5 77. Ra1 Be6 78. Rb1+ Kc6 79. Rh1 Re5+ 80. Ne4 Rb5 81. Nf2 Rb3 82. Kd4 Rb2 83. Nxh3 Rd2+ 84. Ke5 Rd5+ 85. Kf4 Rd3 86. Nf2 Rxc3 87. Ra1 Kb5 88. Ne4 Rb3 89. Ra8 Bd5 90. Rb8+ Ka5 91. Rd8 Bxe4 92. Kxe4 Rb7 93. Rd1 Re7+ 94. Kf4 c3 0-1

[Event "Memorial R.Nezhmetdinov (open)"]
[Site "Kazan (Russia)"]
[Date "2007.06.09"]
[Round "9"]
[White "Zablotsky Sergei (RUS)"]
[Black "Rodchenkov Vitaly (RUS)"]
[Result "1/2-1/2"]
[WhiteElo "2500"]
[BlackElo "2375"]
[PlyCount "70"]
[EventDate "2007.??.??"]
[Source "www.chesslib.no"]
[SourceDate "2004.05.04"]

1. e4 e5 2. d4 exd4 3. Qxd4 Nc6 4. Qe3 g6 5. Nc3 Bg7 6. Bd2 Nge7 7. O-O-O O-O 8. Bc4 Na5 9. Qe2 Nxc4 10. Qxc4 d6 11. Nge2 Be6 12. Qd3 Qd7 13. Nf4 Nc6 14. Nxe6 fxe6 15. f3 Ne5 16. Qe2 Rab8 17. f4 Nc6 18. h4 Bxc3 19. bxc3 Na5 20. Rdf1 Qa4 21. Kd1 d5 22. exd5 exd5 23. Qe6+ Rf7 24. h5 Re8 25. Qxd5 c6 26. Qd4 Re4 27. Qxa4 Rxa4 28. hxg6 hxg6 29. Be3 Rxa2 30. Bxa7 Re7 31. Bd4 Ra1+ 32. Kd2 Nc4+ 33. Kd3 Nb2+ 34. Kd2 Nc4+ 35. Kd3 Nb2+ 1/2-1/2

[Event "TCh-CZE Extraliga 2003-4"]
[Site "Czech Rep"]
[Date "2004.04.04"]
[Round "11"]
[White "Mikhaletz, Lubomir"]
[Black "Jirka, Jiri"]
[Result "1/2-1/2"]
[WhiteElo "2458"]
[BlackElo "2415"]
[PlyCount "42"]
[EventDate "2004.01.08"]
[Source "Roberto Alvarez"]
[SourceDate "2004.04.05"]

1. e4 e5 2. d4 exd4 3. Qxd4 Nc6 4. Qe3 Nf6 5. Nc3 Bb4 6. Bd2 O-O 7. O-O-O Re8 8. Bc4 d6 9. Nf3 Bf5 10. Ng5 Bg6 11. f3 Na5 12. Qe2 c6 13. a3 Bxc3 14. Bxc3 Nxc4 15. Qxc4 d5 16. Qd4 dxe4 17. Qxd8 Raxd8 18. Rxd8 Rxd8 19. Bxf6 gxf6 20. Nxe4 Bxe4 21. fxe4 Re8 1/2-1/2

[Event "Komercni Banka op"]
[Site "Pardubice"]
[Date "1997.07.21"]
[Round "5"]
[White "Mazja, Aleksandr G"]
[Black "Potapov, Alexander"]
[Result "0-1"]
[WhiteElo "2375"]
[BlackElo "2490"]
[PlyCount "82"]
[EventDate "1997.07.17"]
[Source "www.chesslib.no"]
[SourceDate "2004.05.04"]

1. e4 e5 2. d4 exd4 3. Qxd4 Nc6 4. Qe3 d6 5. Bd2 Nf6 6. Nc3 g6 7. O-O-O Bg7 8. h4 Qe7 9. Nh3 Be6 10. f3 Nh5 11. Qe1 O-O-O 12. g4 Nf6 13. Nf4 Kb8 14. g5 Nd7 15. Ncd5 Qf8 16. h5 h6 17. Nxe6 fxe6 18. Nf4 hxg5 19. Nxg6 Qxf3 20. Rh3 Qf6 21. Bc3 Nde5 22. Nxh8 g4 23. Rh1 Rxh8 24. Kb1 Qf7 25. Be2 Rxh5 26. Bxg4 Rxh1 27. Qxh1 Nxg4 28. Rf1 Nf2 29. Qg2 Bxc3 30. Rxf2 Qe8 31. Qg6 Qh8 32. bxc3 a5 33. Kb2 Qe5 34. Rf8+ Ka7 35. Qg1+ b6 36. Qg8 Kb7 37. Qg6 b5 38. Rf3 a4 39. Rg3 Kb6 40. Rg5 Qf4 41. Rg4 a3+ 0-1